000 00449nam a2200181Ia 4500
005 20250603144830.0
008 250603s9999 xx 000 0 und d
020 _a9784918374
050 _aHD 75.6 .O23/
100 _aObansa, S. A.J.
245 0 _aEconomics of onchocerciasis control in Nigeria: the FCT in focus
260 _aAbuja
260 _bQuill Academic Pub.
260 _c2011
300 _a149 p
650 _aAbuja
942 _cBK
999 _c40084
_d40084